01169nam a2200253Ia 4500003000900000008004100009020002200050040001600072080002200088111012200110245024200232260006100474300001600535490003400551650005400585650003300639650003000672700003100702700003100733700002800764942000700792999001700799952009900816IN-BaIIA211028s9999 xx 000 0 eng d a978-1-58381-318-8 cIIA Library a082.2:52bASP-378 aConference on Why Galaxies Care about AGB Stars-their Importance as Actors and ProbescAustriad2006 Aug. 7-11931295 0aWhy galaxies care about AGB stars-their importance as actors and probesbproceedings of an International conference held in University Campus, Vienna, Austria, 7-11 Aug 2006cedited by F. Kerschbaum, C. Charbonnel and R. F. Wing  aSan FranciscobAstronomical Society of the Pacificc2007 axxii, 506p. aASP conference series; v. 378 aAsymptotic giant branch stars - congresses931296 aGalaxies - congresses914448 aStars - congresses931297 aCharbonnel, C., ed.929257 aKerschbaum, F., ed.931298 aWing, R. F., ed.925025 cBK c16766d16766 00104070aBANbBANcGENd2008-02-04l0o082.2:52/ ASP-378p17688r2021-11-05w2008-02-04yBK